书目信息 |
| 题名: |
现代员工意外伤害的防范与应对措施
|
|
| 作者: | 本书编写组编著 | |
| 分册: | ||
| 出版信息: | 北京 人民日报出版社 2018.02 |
|
| 页数: | 183页 | |
| 开本: | 24cm | |
| 丛书名: | ||
| 单 册: | ||
| 中图分类: | X928.03 | |
| 科图分类: | ||
| 主题词: | 企业--工伤事故--事故预防 | |
| 电子资源: | ||
| ISBN: | 978-7-5115-5218-1 | |
| 000 | 00758nam0 2200205 450 | |
| 001 | 1119 | |
| 005 | 20180927125620.28 | |
| 010 | @a978-7-5115-5218-1@dCNY39.80 | |
| 100 | @a20180714d2018 em y0chiy50 ea | |
| 101 | 0 | @achi |
| 102 | @aCN@b110000 | |
| 105 | @aa z 000yy | |
| 200 | 1 | @a现代员工意外伤害的防范与应对措施@9xian dai yuan gong yi wai shang hai de fang fan yu ying dui cuo shi@f本书编写组编著 |
| 210 | @a北京@c人民日报出版社@d2018.02 | |
| 215 | @a183页@c图@d24cm | |
| 330 | @a本书从岗位工作、家庭常见意外、交通意外、公共场所意外、户外活动意外、自然灾害等方面介绍了不同类型的意外防范及逃生、急救与互救技巧、应对措施。 | |
| 606 | 0 | @a企业@x工伤事故@x事故预防 |
| 690 | @aX928.03@v5 | |
| 801 | 0 | @aCN@b91MARC@c20180714 |
| 905 | @aMuseLib@dX928.03@e47 | |
| 现代员工意外伤害的防范与应对措施/本书编写组编著.-北京:人民日报出版社,2018.02 |
| 183页:图;24cm |
| ISBN 978-7-5115-5218-1:CNY39.80 |
| 本书从岗位工作、家庭常见意外、交通意外、公共场所意外、户外活动意外、自然灾害等方面介绍了不同类型的意外防范及逃生、急救与互救技巧、应对措施。 |
| ● |
| 相关链接 |
|
|
|
|
正题名:现代员工意外伤害的防范与应对措施
索取号:X928.03/47
 
预约/预借
| 序号 | 登录号 | 条形码 | 馆藏地/架位号 | 状态 | 备注 |
| 1 | 1121254 | 211212542 | 第二样本阅览室/ [索取号:X928.03/47] | 在馆 | |
| 2 | 1121255 | 211212551 | 第三借阅区/ [索取号:X928.03/47] | 在馆 | |
| 3 | 1121256 | 211212560 | 第三借阅区/ [索取号:X928.03/47] | 在馆 | |
| 4 | 1121257 | 211212579 | 第三借阅区/ [索取号:X928.03/47] | 在馆 | |
| 5 | 1121258 | 211212588 | 第三借阅区/ [索取号:X928.03/47] | 在馆 |